Guess The Missing Word From These Ye (Kanye) Songs 2 - Statistics

General Stats
  • This quiz has been taken 23 times
  • The average score is 13 of 15
Answer Stats
Hint Answer % Correct
____est Winter | ____ Cold
100%
Child Left Behind | Church In The Wild | Mistakes | More Parties In LA No
100%
Hands | God | Sight On
100%
Can't ____ Me Nothing | The Vision Tell
100%
On The Leaves | Wash Us In The Blood
95%
Hour | ____thing I Am Every
95%
Day | God Flow .1 | Slaves | The ____ Workout Plan New
95%
Made In | Who Will Survive In America
86%
Me Now | You In My Nightmares See
86%
MOVING SLOW | Prime____ Time
86%
TO ME | To The Basics Back
82%
Jesus | Jesus Is | LIFT ME UP | ____ ____ ____ Lord
82%
Chant | ____ Donda
77%
The | Only One
73%
Lost In The World | To The World
64%
No matching quizzes found
Score Distribution
Percent of People with Each Score
Percentile by Number Answered
Your Score History
You have not taken this quiz